00529 a2200157 4500010001400000020002300014035001300037037001500050082000800065100002800073245008600101260004000187270009600227300002900323500001900352 aENG-88302 a817827163Xc550.00 aEN-71835 bDBAD / PUB14a323 aVenkateswara Rao, Didla1 aDr. B.R. Ambedkar:bchampion of human rights in India/cby Didla Venkateswara Rao aNew DelhibManak Publicationsc2006 aB-7, Saraswati Complex, Subhash Chowk, Laxmi Nagar,bNew Delhie110 092k22453894, 22042529 axiii, 218p.c22 cm ( Hb) aIncludes index